MDQL
is popping MORE tags! Check the
thread
!
Quizzes
Events
Quiz Creation
Community
Videos
Private Events
Remove Ads
Sign In
Join for FREE
Feedback
Dark Mode
Quiz Categories
Sports
Geography
Music
Movies
Television
Just For Fun
Miscellaneous
History
Literature
Language
Science
Gaming
Entertainment
Religion
Holiday
For Kids
Quiz Lab
Recent
Popular Today
Quiz Kudos Today
Editor Picks
Curator Picks
Quizzes by...
Day
Popularity
Type
Ratings
Length
Year
Community
Subscriptions
Recent Discussions
Orange Saloon
Badges
Playlists
Quests
Create
Leaderboards
Showdown
Live 5
Trivia Bingo
Activity
Puzzle Library
Sporcle Events
Private Events
Virtual Trivia
Globe League
Become a Host
Pub Owners
SporcleCon
Opinionation
Our Games
Videos
Blog
Mobile Apps
Partnerships
Remove Ads and Go Orange
Feedback
Sports
Athletes
MLB
NBA
NHL
NFL
Soccer
Sports Teams
WWE
NCAA
Football
Premier League
Basketball
Baseball
Hockey
Golf
Tennis
Cricket
Rugby
Auto Racing
Olympics
World Cup
Sports
Athletes
MLB
NBA
NHL
NFL
Soccer
Sports Teams
WWE
NCAA
Football
Premier League
Basketball
Baseball
Hockey
Golf
Tennis
Cricket
Rugby
Auto Racing
Olympics
World Cup
Random Quiz
Search Sporcle
×
Quiz Lab
Quiz Lab
Sports
NFL
Type in answers that appear in a list
Type in answers that appear in a list
Classic
Best Score? Go Orange.
Expected Starting NFL Cornerback Tandems 2013 Stats
Can you name the Expected Starting NFL Cornerback Tandems 2013?
By
floydeep
10m
64 Questions
55 Plays
55 Plays
55 Plays
Comments
Comments
Give Quiz Kudos
Give Quiz Kudos
-
- Ratings
hide this ad
Forced Order
Answers have to be entered in order
Answers have to be entered in order
Replay
Link that replays current quiz
Next Quiz
Link to next quiz in quiz playlist
You Got
0%
They Got
Avg Score
26%
Avg Friend Score
Upgrade to see
Score Distribution
Jump to the score distribution portion of the page
Score
0/64
Timer
10:00
0
Plays Today
Team
Cornerback
% Correct
Cleveland Browns
Joe Haden
80%
Pittsburgh Steelers
Ike Taylor
63.6%
Cincinnati Bengals
Leon Hall
61.8%
Baltimore Ravens
Lardarius Webb
54.5%
New York Jets
Antonio Cromartie
54.5%
Miami Dolphins
Brent Grimes
52.7%
Denver Broncos
Champ Bailey
50.9%
Seattle Seahawks
Richard Sherman
50.9%
New England Patriots
Aqib Talib
49.1%
Houston Texans
Johnathon Joseph
49.1%
Chicago Bears
Tim Jennings
45.5%
Chicago Bears
Charles Tillman
45.5%
Tampa Bay Buccaneers
Darrelle Revis
45.5%
Kansas City Chiefs
Brandon Flowers
43.6%
Seattle Seahawks
Brandon Browner
41.8%
Arizona Cardinals
Patrick Peterson
40%
San Francisco 49ers
Carlos Rogers
38.2%
Green Bay Packers
Sam Shields
38.2%
Atlanta Falcons
Asante Samuel
36.4%
Cincinnati Bengals
Terence Newman
34.5%
Buffalo Bills
Stephon Gilmore
32.7%
Buffalo Bills
Leodis McKelvin
32.7%
Dallas Cowboys
Brandon Carr
32.7%
Washington Redskins
DeAngelo Hall
32.7%
Indianapolis Colts
Vontae Davis
30.9%
Dallas Cowboys
Morris Claiborne
30.9%
Tennessee Titans
Jason McCourty
29.1%
Houston Texans
Kareem Jackson
27.3%
Green Bay Packers
Tramon Williams
27.3%
New York Giants
Prince Amukamara
25.5%
St. Louis Rams
Cortand Finnegan
25.5%
Cleveland Browns
Buster Skrine
21.8%
Team
Cornerback
% Correct
New York Giants
Corey Webster
21.8%
Tennessee Titans
Alterraun Verner
20%
Atlanta Falcons
Desmond Trufant
20%
Carolina Panthers
Captain Munnerlyn
20%
St. Louis Rams
Janoris Jenkins
20%
Kansas City Chiefs
Sean Smith
18.2%
Detroit Lions
Chris Houston
18.2%
Philadelphia Eagles
Cary Williams
18.2%
Baltimore Ravens
Corey Graham
16.4%
San Francisco 49ers
Tarell Brown
16.4%
Pittsburgh Steelers
Cortez Allen
14.5%
New York Jets
Dee Millner
14.5%
New Orleans Saints
Jabari Greer
14.5%
New England Patriots
Alfonzo Dennard
12.7%
Indianapolis Colts
Greg Toler
9.1%
Oakland Raiders
Tracy Porter
9.1%
Philadelphia Eagles
Bradley Fletcher
9.1%
New Orleans Saints
Keenan Lewis
9.1%
Miami Dolphins
Richard Marshall
7.3%
San Diego Chargers
Shareece Wright
7.3%
Minnesota Vikings
Josh Robinson
7.3%
Minnesota Vikings
Chris Cook
7.3%
Washington Redskins
Josh Wilson
7.3%
Jacksonville Jaguars
Dwayne Gratz
5.5%
Jacksonville Jaguars
Allen Ball
5.5%
Oakland Raiders
Mike Jenkins
5.5%
San Diego Chargers
Derek Cox
5.5%
Tampa Bay Buccaneers
Leonard Johnson
5.5%
Carolina Panthers
Drayton Florence
3.6%
Arizona Cardinals
Jerraud Powers
3.6%
Denver Broncos
Dominique Rodger-Cromartie
1.8%
Detroit Lions
Ron Bartell
1.8%
Quiz Playlist
Details
Report
Send in Message
Add To Playlist
Classic:
Type in answers that appear in a list
Forced Order:
Answers have to be entered in order
Last Updated: Feb 16, 2017
Quiz Scoreboard
CHALLENGE
Sign Up to Join the Scoreboard
Show All
Scores
Hide
Comments
May contain spoilers
Recently Published
Two Season TV Shows II
by 123Four
Television
10m
Image Sorting: Flags VI
by Barbecue
Geography
2m
Find the 'City' Movie
by crazypaving
Movies
60s
More to Explore
Quiz From the Vault
Featured Blog Post
14 Easter Pick-up Lines to Find Eggs With
hide this ad
You Might Also Like...
Tags
NFL Quiz
2013
Cornerback
Starting
tandem
team
Today's Top Quizzes in Sports
Browse Sports
hide this ad
Today's Top Quizzes in NFL
Browse NFL
Top Contributed Quizzes in Sports
1
Les meilleurs buteurs des matchs entre le PSG et l’OM
2
Les entraîneurs de l'OM et du PSG au 21e siècle
3
2022 World Cup Stars
4
Les joueurs passés par le PSG et l'OM
5
Players with Multiple 50 Home Run Seasons
6
FIFA Club World Cup Champions
7
Criteria MLB: Left Handed Sluggers
8
Les joueurs passés par le LOSC et le RC Lens
9
Top 10 NHL Goal Scorers of All Time
10
MLB Players with Two .350 Batting Average Seasons
Explore More
Trending Topics
Anime
Crossword
Kpop
Marvel
Disney
NBA
Harry Potter
Country
Pokémon
NFL
Puzzle
WWE
Soccer
Song
The Office
hide this ad
More By:
floydeep
Quiz
Plays
Rating
Category
Featured
Created
Stating NBA Small Forwads 2013
359
2.00
Sports
Nov 10, 2013
Projected Starting WRs 2016
199
1.00
Sports
Aug 18, 2016
Expected Starting NFL Reciever Tandems 2013
153
1.00
Sports
Aug 13, 2013
Projected starting QB's 2016
147
1.00
Sports
Aug 18, 2016
Expected Starting NFL RB's 2013
138
1.00
Sports
Aug 13, 2013
Go to Creator's Profile
Score Distribution
Quiz Creator Spotlight
floydeep
Follow
Send a Message
Quizzes Created
-
Created Quiz Play Count
-
More By This Creator
Popular Quizzes Today
1
Find the US States - No Outlines Minefield
2
Colored Red Africa Blitz
3
Find the 'City' Movie
4
5x2 Blitz: Bands
5
The Countries of the World
6
Find the Countries of Europe - No Outlines Minefield
7
Find the US States
8
US States
More Sports Quizzes
The Three: 2013 Finals
Quiz Lab
Trending Quizzes
Colored Red Europe Blitz I
Colored Red Africa Blitz II
Colored Red Europe Blitz II
Colored Red Europe Blitz III
Colored Red Africa Blitz III
Recently Updated
How Do You Spell That?
pecheneg
Godzilla Movies
pecheneg
Grab Bag: 4-10 Letters
pecheneg
2024 March Madness Bracket
pecheneg
Famous TV Couples
Peacemaker
Champions League XIs: Real Madrid
pecheneg
Largest US Cities 1790-2010
pecheneg
Rides in Walt Disney World
pecheneg
Most Oscar Losses (Acting)
pecheneg
Beyoncé Albums
pecheneg
Trending Topics
Harry Potter
NBA
Kpop
Disney
Crossword
Marvel
Anime
Song
The Office
Puzzle
WWE
Country
NFL
Soccer
Pokémon
Your Account Isn't Verified!
In order to create a playlist on Sporcle, you need to verify the email address you used during registration. Go to your
Sporcle Settings
to finish the process.
Report this User
Report this user for behavior that violates our
Community Guidelines
.
Details:
Send Report
Go to the Sporcle.com Mobile Site →
Comments